000 00498nam a2200181Ia 4500
005 20250508154244.0
008 008 250505s9999 xx 000 0 hin d
037 _aTextual
040 _aFEDL
_beng
_cFEDL
041 _ahin
_2hin
084 _aFH, NEI
_qFEDL
100 _aAshak Upendra Nath
_9765196
245 0 _aLambey din ki yatra: Raat mein
260 _aAllahabad, India
_bNeelabh Prakashan
_c1963
300 _a210p.
942 _cTEXL
_hFH, NEI
999 _c1349173
_d1349173